000 01057naa a2200253 c 4500
001 48418
003 ES-MaCES
005 20161021135133.0
008 161021s2016 sp ||||| t||||||| ||spa d
040 _aES-MaCES
_bspa
_cES-MaCES
_dES-MaCES
100 1 _98792
_aCámara Botía, Alberto
245 1 0 _aReducción de jornada y desempleo parcial
_b: convergencia y divergencia entre las normas laborales y de Seguridad Social
_cAlberto Cámara Botía
500 _aResumen
650 4 _929516
_areducción de la duración del trabajo
650 4 _928335
_ahoras de trabajo
650 4 _930149
_adesempleo parcial
650 4 _928327
_acondiciones de trabajo
650 4 _927166
_alegislación del trabajo
650 4 _927034
_aseguridad social
653 1 0 _aRelaciones laborales-Empleo
773 0 _985183
_dMadrid (Ignacio Ellacuría, 3, 28017) Civitas
_o088081
_tNueva revista española de Derecho del trabajo
_w(ES-MaCES)25060
_gn. 188 (jun. 2016) {10040 R. 088081} ;p. 29-58
902 _aART Artículo de revista
942 _2CES
_cAR
_h2.0.
999 _c48418
_d48418